| 000 | 00771nam a2200217 a 4500 | ||
|---|---|---|---|
| 001 | 000036815 | ||
| 005 | 20240520190011.0 | ||
| 008 | 120201s2011 dr ac 001 0bspa d | ||
| 020 | _a9789945005172 | ||
| 040 |
_aDO-SdBNP _bspa _cBNPHU |
||
| 082 |
_a291.092 _bM763p |
||
| 100 | 1 |
_aPerdomo Montalvo, Rosalina _963154 |
|
| 245 | 1 | 0 |
_aCompadre padre Juan : _btestimonio sobre el P. Juan Montalvo / _cRosalina Perdomo Montalvo. |
| 260 |
_aSanto Domingo : _bAmigo del Hogar, _c2011. |
||
| 300 |
_a173 p. : _bil., retrs. ; _c24 cm. |
||
| 590 | _aInventariado, 2018/VM | ||
| 600 | 1 | 4 |
_aMONTALVO ARZENO, JUAN, _cPADRE, _d1936-1978 _963155 |
| 650 | 0 |
_aClero _919068 |
|
| 650 | 4 |
_aIglesia católica _zRepública Dominicana _xHistoria _9358 |
|
| 910 | _aValidado. Control de calidad EMS | ||
| 999 |
_c36306 _d36306 |
||